000 00307 a2200157 4500
001 178834
020 _a
040 _cMagnum
100 _aCruz, Luiz Santa
240 1 0 _aJorge lima
_lpor
245 1 0 _aJorge lima
362 0 _a1899
440 1 _aAgir
697 _aMAGNITO: A/ANTOLOGIA
942 _cBK
999 _c178834
_d178834